Scheduled castes a study in employment and social mobility. (Record no. 213822)

MARC details
000 -LEADER
fixed length control field 00460nam a2200169Ia 4500
008 - FIXED-LENGTH DATA ELEMENTS--GENERAL INFORMATION
fixed length control field 210719s2004 xx 000 0 und d
020 ## - INTERNATIONAL STANDARD BOOK NUMBER
International Standard Book Number 818868502X
041 ## - LANGUAGE CODE
Language code of text/sound track or separate title eng
082 ## - DEWEY DECIMAL CLASSIFICATION NUMBER
Classification number 305.56 PAIS
100 ## - MAIN ENTRY--PERSONAL NAME
Personal name PAIS (Richard)
245 ## - TITLE STATEMENT
Title Scheduled castes a study in employment and social mobility.
260 ## - PUBLICATION, DISTRIBUTION, ETC.
Place of publication, distribution, etc. Mangalore
Name of publisher, distributor, etc. Mangala publications
Date of publication, distribution, etc. 2004
300 ## - PHYSICAL DESCRIPTION
Extent x,245
Other physical details PB
365 ## - TRADE PRICE
Price amount 350
Currency code Rs
650 ## - SUBJECT ADDED ENTRY--TOPICAL TERM
Topical term or geographic name entry element Social Classes
906 ## - LOCAL DATA ELEMENT F, LDF (RLIN)
a Scheduled Castes
Holdings
Withdrawn status Lost status Damaged status Not for loan Collection code Home library Current library Date acquired Source of acquisition Cost, normal purchase price Total Checkouts Full call number Barcode Date last seen Price effective from Koha item type
          St Aloysius Library St Aloysius Library 02/25/2004 Mangala Publications 350.00   305.56 PAIS D02375 07/19/2021 07/19/2021 Donated Books